| 000 | 00792nam a2200217 i 4500 | ||
|---|---|---|---|
| 001 | 63208 | ||
| 003 | ES-MaACL | ||
| 005 | 20250809053826.0 | ||
| 007 | t| | ||
| 008 | 031202s1926 sp ||||1| spa d | ||
| 100 | 1 |
_aFerrara, Francesco. _950295 |
|
| 245 | 1 | 3 |
_aLa simulación de los negocios jurídicos _b: (actos y contratos) / _cFrancesco Ferrara ; traducida por Rafael Atard y Juan E. de la Puente. |
| 260 |
_aMadrid : _b[s.n., _c1926] ( _fBlass) |
||
| 300 |
_a468 p. ; _c25 cm. |
||
| 490 | 1 |
_aBiblioteca de la revista de Derecho Privado. Serie B ; _v1 |
|
| 700 | 0 |
_aAtard y González, Rafael. _923721 |
|
| 700 | 1 |
_aPuente, Juan E. de la. _994149 |
|
| 830 | 0 | 0 |
_aBiblioteca de la Revista de derecho privado _v1 _9182876 |
| 852 |
_aES-MaACL _jF-3265 |
||
| 999 |
_c63208 _d63208 |
||